LEADER 01626nam0 22003973i 450 001 UBO3331298 005 20240607063320.0 010 $a8845300064 100 $a20100526d1974 ||||0itac50 ba 101 | $aita 102 $ait 181 1$6z01$ai $bxxxe 182 1$6z01$an 200 1 $aMatrici$fFrank Ayres jr 210 $aMilano$cEtas Libri$d1974 215 $a218 p.$d27 cm 225 | $aCollana Schaum$v9 300 $aIn cop.: 340 esercizi risolti. 410 0$1001CFI0001963$12001 $aCollana Schaum$v9 500 10$aMatrices.$3RAV0151247$9RAVV061797$928081 606 $aMatematica$2FIR$3NAPC001365$9I 606 $aAlgebra$2FIR$3NAPC000734$9I 606 $aMatrici algebriche$2FIR$3NAPC270078$9N 676 $a512.9$9FONDAMENTI DELL'ALGEBRA$v14 676 $a512.9434$9TEORIA DELLE EQUAZIONI. MATRICI$v21 676 $a512.9434$9FONDAMENTI DELL'ALGEBRA. MATRICI$v22 676 $a513.076$9Geometria. Prontuari scolastici ed esercizi$v14 700 1$aAyres$b, Frank$3RAVV061797$4070$0110 790 1$aAyres$b, Frank$c $3CFIV149202$zAyres, Frank 801 3$aIT$bIT-NA0079$c20100526 850 $aIT-BN0095 $aIT-NA0614 $aIT-NA0457 912 $aUBO3331298 950 0$aBiblioteca Centralizzata di Ateneo$c1 v.$d 01LT (AR) 10 B 935$e 01AR 0700109355 N 1 v.$fZ $h20140206$i20140206$c1 v. in due copie$d 01LT (AR) 10 B 936$e 01AR 0700109365 N (bis 1 v. (2. copia)$fD $h20140206$i20140206 977 $a 01$a 16$a BI 996 $aMatrices$928081 997 $aUNISANNIO